000 00294nam a22001217a 4500
008 180519b xxu||||| |||| 00| 0 eng d
041 _aeng
080 _a043.3
100 _a0
101 _aMBE-BA
245 _aBanka dhe Menaxhimi i Institucioneve Financiare
_cAbdullahu, Sh
942 _2udc
_cBK
999 _c46052
_d46052